Hockey
Kaydedildi:
| Yazar: | |
|---|---|
| Materyal Türü: | Kitap |
| Dil: | İngilizce |
| Baskı/Yayın Bilgisi: |
Toronto
A. Rutledge Book
1969
|
| Konular: | |
| Etiketler: |
Etiketle
Etiket eklenmemiş, İlk siz ekleyin!
|
MARC
| LEADER | 00000nam a2200000 a 4500 | ||
|---|---|---|---|
| 001 | UCX9895 | ||
| 003 | CL-VaPUC | ||
| 008 | 940701e19690000CN |||||||||||||||||eng|d | ||
| 082 | 0 | 4 | |a 796.962 |b ESK |2 21 |
| 100 | 0 | |a Eskenazi, Gerald |e author |9 327418 | |
| 245 | 1 | 0 | |a Hockey |
| 300 | |a 224 p | ||
| 942 | |c BK | ||
| 945 | |d 19940701 00:00:00 |a oaravena | ||
| 260 | |a Toronto |b A. Rutledge Book |c 1969 | ||
| 650 | 7 | |a HOCKEY SOBRE PATINES |2 CL-VaPUC |9 327419 | |
| 583 | |a last modification |c 19940701 00:00:00 |k Rodrigo Vera | ||
| 999 | |c 229021 |d 229019 | ||
| 952 | |0 0 |1 0 |4 0 |6 796_962000000000000_ESK_1969 |7 0 |8 A |9 229554 |a BIBARQ |b BIBARQ |d 2019-11-15 |i 2988542 |o 796.962 ESK 1969 |p 2988542 |r 2025-01-20 |w 2019-11-15 |y BK |k ARQ | ||